Macroeconomics (Record no. 82298)
[ view plain ]
| 000 -LEADER | |
|---|---|
| fixed length control field | 00898nam a2200193 a 4500 |
| 008 - FIXED-LENGTH DATA ELEMENTS--GENERAL INFORMATION | |
| fixed length control field | 120416s1981 ||||||||||||||||| || u |
| 020 ## - INTERNATIONAL STANDARD BOOK NUMBER | |
| International Standard Book Number | 007548093X |
| 050 ## - LIBRARY OF CONGRESS CALL NUMBER | |
| Classification number | HB 172.5 Dor |
| 100 ## - MAIN ENTRY--PERSONAL NAME | |
| Personal name | Dornbusch, Rudiger |
| 245 10 - TITLE STATEMENT | |
| Title | Macroeconomics |
| 260 ## - PUBLICATION, DISTRIBUTION, ETC. | |
| Place of publication, distribution, etc. | Toronto: |
| Name of publisher, distributor, etc. | McGraw-Hill Ryerson |
| Date of publication, distribution, etc. | 1981 |
| 300 ## - PHYSICAL DESCRIPTION | |
| Extent | x, 589p. : ill. |
| 350 ## - | |
| -- | 0.00 |
| 650 ## - SUBJECT ADDED ENTRY--TOPICAL TERM | |
| Topical term or geographic name entry element | MICROECONOMICS |
| 700 ## - ADDED ENTRY--PERSONAL NAME | |
| Personal name | Sparks, Gordon R |
| 995 ## - | |
| -- | ANNEX COLLECTION (Main Library) |
| -- | 0.00 |
| -- | 002135 |
| -- | CBU-MAIN LIBRARY (Kitwe) |
| -- | 1 |
| -- | 27.95 |
| -- | HB 172.5 Dor |
| -- | 1 |
| -- | AVAILABLE |
| -- | 002135 |
| -- | Annex Low-Usage Collection |
| 995 ## - | |
| -- | ANNEX COLLECTION (Main Library) |
| -- | 0.00 |
| -- | 002136 |
| -- | CBU-MAIN LIBRARY (Kitwe) |
| -- | 2 |
| -- | 27.95 |
| -- | HB 172.5 Dor |
| -- | 2 |
| -- | AVAILABLE |
| -- | 002136 |
| -- | Annex Low-Usage Collection |
| 995 ## - | |
| -- | MAIN LIBRARY OPEN ACCESS |
| -- | 0.00 |
| -- | 002137 |
| -- | CBU-MAIN LIBRARY (Kitwe) |
| -- | 3 |
| -- | 27.95 |
| -- | HB 172.5 Dor |
| -- | 3 |
| -- | LOST |
| -- | Jun 14, 2016 |
| -- | 002137 |
| -- | Main Library Open Access Collection |
| 999 ## - | |
| -- | 82298 |
| -- | 82298 |
| Withdrawn status | Lost status | Source of classification or shelving scheme | Damaged status | Not for loan | Permanent Location | Current Location | Shelving location | Date acquired | Total Checkouts | Full call number | Barcode | Date last seen | Price effective from | Koha item type |
|---|---|---|---|---|---|---|---|---|---|---|---|---|---|---|
| CBU-MAIN LIBRARY, KITWE. | CBU-MAIN LIBRARY, KITWE. | 09/27/2023 | HB 172.5 Dor | 002135 | 09/27/2023 | 09/27/2023 | MONOGRAPH | |||||||
| CBU-MAIN LIBRARY, KITWE. | CBU-MAIN LIBRARY, KITWE. | 09/27/2023 | HB 172.5 Dor | 002136 | 09/27/2023 | 09/27/2023 | MONOGRAPH | |||||||
| CBU-MAIN LIBRARY, KITWE. | CBU-MAIN LIBRARY, KITWE. | 09/27/2023 | HB 172.5 Dor | 002137 | 09/27/2023 | 09/27/2023 | MONOGRAPH |